000 00552nam a2200181Ia 4500
008 151018s9999 xx 000 0 und d
082 _bRBASDV25238
_a891.463
100 _aविद्याधर - भागवत
245 _aबेलवाडी
250 _b1
260 _bइंप्रेशन्स
_c1994
300 _a184
600 _aविद्याधर - भागवत
630 _aबेलवाडी
700 _aविद्याधर - भागवत
730 _aबेलवाडी
942 _cBOOK
999 _c1024860
_d1024857